Food packing: a guide for the supplier, processor, and distributor

Salvato in:
Dettagli Bibliografici
Autori principali: Sacharow, Stanley (Autore), Griffin, Roger (Autore)
Natura: Libro
Lingua:inglese
Pubblicazione: Westport AVI 1970
Soggetti:
Tags: Aggiungi Tag
Nessun Tag, puoi essere il primo ad aggiungerne!!

MARC

LEADER 00000nam a2200000 a 4500
001 UCR4852
003 CL-VaPUC
008 980320e19700000US |||||||||||||||||eng|d
082 0 4 |a 664.092  |b SAC  |2 21 
100 0 |a Sacharow, Stanley  |e author  |9 405364 
700 |a Griffin, Roger  |e author  |9 559507 
245 1 0 |a Food packing: a guide for the supplier, processor, and distributor 
300 |a 421 p 
942 |c BK 
945 |d 19980320 00:00:00  |a crobeson 
260 |a Westport  |b AVI  |c 1970 
650 0 |a Embalaje  |9 364157 
650 7 |a TECNOLOGIA DE ALIMENTOS  |2 CL-VaPUC  |9 405366 
583 |a last modification  |c 19980320 00:00:00  |k Rodrigo Vera 
999 |c 267651  |d 267649 
952 |0 0  |1 0  |4 0  |6 664_092000000000000_SAC_1970  |7 0  |8 A  |9 300117  |a BIBALI  |b BIBALI  |c GEN  |d 2019-11-20  |i 1959506  |o 664.092 SAC 1970  |p 1959506  |r 2025-01-20  |w 2019-11-20  |y BK  |k ALI 
952 |0 0  |1 0  |4 0  |6 664_092000000000000_SAC_1970  |7 0  |8 A  |9 300118  |a BIBALI  |b BIBALI  |c GEN  |d 2019-11-20  |i 1959514  |o 664.092 SAC 1970  |p 1959514  |r 2025-01-20  |w 2019-11-20  |y BK  |k ALI